000
00296nam a22001217a 4500
082
_a
297.63 QAD
100
_a
Dr Allama Tahir ul Qadri.
_9
69358
245
_a
Husn-e-Sarapaye Rasool
260
_a
LAHORE
_b
Minhaj-ul-Quran Publications
_c
2002
300
_a
2008p
650
_a
islam
942
_c
BK
999
_c
576683
_d
576683